1742 1528 1984 1311 1685 1390 1553 1841 1886 1782 1699 1605 1405 1374 1784 1863 1848 1296 1215 1370 1762 1896 1568 1890 1881 1108 1408 1356 1561 1866 1045 1869 1119 1725 1773 1235 1854 1850 1867 1876 1410 1327 1698 1633 1414 1602 1227 1352 1636 1682 1171 1944 1048 1447 1533 1664 1308 1763 1674 1265 1894 1547 1338 1468 1976 1383 1067 1172 1121 1032 1943 1598 1687 1257 1757 1448 1390 1772 1894 1702 1390 1015 1413 1574 1808 1189 1303 1001 1148 1349 1782 1556 1792 1900 1568 1554 1688 1415 1758 BCNSPRNW ULIB Ver.6.0+V

เปลี่ยนเป็นภาษาไทย

Change to English
 แสดงรายละเอียดบรรณานุกรม
  กลับหน้าหลัก

Brief Record : Get Marc (ISO 2709) : E-mail record : QR code < ปิดหน้าต่าง
LEADER : 00000nam 2200000uu 4500
001    13399122416
003     ULIB
008    020711s2539 th a 000 0 tha d
020    9746016962
099    นว.^bค431ว
100    ณัฐ ศาสตร์ส่องวิทย์
110    เพื่อนหนังสือ
245    วงกตมรณะ/^cณัฐ ศาสตร์ส่องวิทย์
250    พิมพ์ครั้งที่ 2
260    กรุงเทพฯ :^bเพื่อนหนังสือ,^c2539
300    275 หน้า
945    ^p90^l0^i013041
รายการนี้ยังไม่มีแท็ก
คุณยังไม่ได้ล็อกอิน คุณสามารถมีกิจกรรมร่วมกับเว็บไซต์ได้ แต่ต้องล็อกอินก่อน ::
  ล็อกอิน

รายการสื่อสารสนเทศ

ลำดับที่ ประเภท เลขเรียก/บาร์โค้ด สถานที่ สถานะ
1. นวนิยาย
นวนิยาย
นว. ค431ว ฉ.1 
  Barcode: 013041
ห้องสมุดวิทยาเขตสวรรค์ประชารักษ์
►นวนิยาย
บนชั้น
  ขอยืม

BibComment


ยังไม่เคยถูกคอมเมนท์

คอมเมนท์ทรัพยากรรายการนี้
  คอมเมนท์: วงกตมรณะ ณัฐ ศาสต..


 Copyright 2026. Bcnsprnw @Library